NHL Playoffs MVPs - Statistics

General Stats
  • This quiz has been taken 144 times
    133 since last reset
  • The average score is 30 of 55
Answer Stats
Year Team Player % Correct
2013 Blackhawks Patrick Kane
98%
2017 Penguins Sidney Crosby
98%
2016 Penguins Sidney Crosby
98%
2018 Capitals Alexander Ovechkin
95%
2009 Penguins Evgeni Malkin
87%
1988 Oilers Wayne Gretzky
87%
1985 Oilers Wayne Gretzky
87%
2010 Blackhawks Jonathan Toews
86%
2012 Kings Jonathan Quick
81%
2020 Lightning Victor Hedman
79%
1992 Penguins Mario Lemieux
78%
1991 Penguins Mario Lemieux
78%
2011 Bruins Tim Thomas
77%
2019 Blues Ryan O'Reilly
73%
1995 Devils Claude Lemieux
72%
1996 Avalanche Joe Sakic
70%
2001 Avalanche Patrick Roy
70%
1993 Canadiens Patrick Roy
70%
1986 Canadiens Patrick Roy
70%
2015 Blackhawks Duncan Keith
69%
1984 Oilers Mark Messier
69%
1982 Islanders Mike Bossy
65%
2002 Red Wings Nicklas Lidström
65%
1998 Red Wings Steve Yzerman
64%
2008 Red Wings Henrik Zetterberg
60%
1977 Canadiens Guy Lafleur
58%
1972 Bruins Bobby Orr
57%
1970 Bruins Bobby Orr
57%
2007 Ducks Scott Niedermayer
55%
2003 Mighty Ducks Jean-Sébastien Giguère
52%
2014 Kings Justin Williams
51%
1980 Islanders Bryan Trottier
50%
2000 Devils Scott Stevens
49%
2006 Hurricanes Cam Ward
47%
1983 Islanders Billy Smith
43%
2004 Lightning Brad Richards
42%
1965 Canadiens Jean Béliveau
42%
1994 Rangers Brian Leetch
41%
1987 Flyers Ron Hextall
40%
1971 Canadiens Ken Dryden
36%
1999 Stars Joe Nieuwendyk
34%
1989 Flames Al MacInnis
32%
1997 Red Wings Mike Vernon
32%
1975 Flyers Bernie Parent
31%
1974 Flyers Bernie Parent
31%
1978 Canadiens Larry Robinson
31%
1990 Oilers Bill Ranford
24%
1981 Islanders Butch Goring
22%
1967 Maple Leafs Dave Keon
22%
1976 Flyers Reggie Leach
21%
1979 Canadiens Bob Gainey
20%
1969 Canadiens Serge Savard
20%
1968 Blues Glenn Hall
19%
1973 Canadiens Yvan Cournoyer
19%
1966 Red Wings Roger Crozier
6%
No matching quizzes found
Score Distribution
Percent of People with Each Score
Percentile by Number Answered
Your Score History
You have not taken this quiz since the last reset